00416nam a2200121Ia 4500008004100000020001800041082001800059245005600077260007800133300000900211440005100220700002300271210428s9999 xx 000 0 und d a1-56347-067-5 a660.04 A498 T 0aTactical Missile Warheads /cEditor Joseph Carleone bAmerican Institute of Aeronautics and AstronauticsaWashington, DC c1993 a754p aProgress in astronautics and aeronautics V-155 aA. Richard Seebass